Thomas & Friends (1984-2021): Characters by Picture - Statistics

General Stats
  • This quiz has been taken 127 times
  • The average score is 130 of 195
Answer Stats
Picture Answer % Correct
Bertie
85%
Bill
85%
Ace
84%
Ben
84%
Gordon
84%
Henry
84%
James
84%
Annie
82%
Billy
82%
BoCo
82%
Edward
82%
Harvey
82%
Percy
82%
Thomas
82%
Harold
81%
Hector
81%
Toby
81%
Bash
79%
Diesel
79%
Diesel 10
79%
Donald
79%
Douglas
79%
Duck
79%
Nelson
79%
Carly
78%
Cranky
78%
Dodge
78%
Emily
78%
Luke
78%
Oliver
78%
Spencer
78%
Arthur
76%
Caitlin
76%
Captain
76%
Caroline
76%
Clarabel
76%
Daisy
76%
Duncan
76%
Flynn
76%
Gator
76%
Hiro
76%
Lady
76%
Peter Sam
76%
Rusty
76%
Skarloey
76%
Boulder
75%
Bulgy
75%
Dash
75%
Freddie
75%
George
75%
Jack
75%
Mavis
75%
Rosie
75%
Salty
75%
Sir Handel
75%
Stanley
75%
Toad
75%
Belle
73%
Bert
73%
Bertram
73%
Bulstrode
73%
Connor
73%
Ferdinand
73%
Iron Bert
73%
Kevin
73%
S.C. Ruffey
73%
Stephen
73%
Victor
73%
Winston
73%
Alfie
72%
Ashima
72%
Big Mickey
72%
Charlie
72%
Dart
72%
Flora
72%
Gina
72%
Henrietta
72%
Iron 'Arry
72%
Marion
72%
Rheneas
72%
Smudger
72%
Splatter
72%
Stepney
72%
Thumper
72%
Whiff
72%
Den
70%
Duke
70%
Merlin
70%
Molly
70%
Nia
70%
Samson
70%
Sidney
70%
Skiff
70%
Stafford
70%
Terence
70%
The Flying Scotsman
70%
Trevor
70%
Butch
69%
Dennis
69%
Hank
69%
Mike
69%
Norman
69%
Paxton
69%
Rebecca
69%
Rocky
69%
Scruff
69%
Sonny
69%
Duchess of Loughborough
67%
Fergus
67%
Frankie
67%
Glynn
67%
Hugo
67%
Hurricane
67%
Ivan
67%
Jeremy
67%
Lexi
67%
Mac
67%
Millie
67%
Murdoch
67%
Oliver
67%
Owen
67%
Porter
67%
Rex
67%
Ryan
67%
Bradford
66%
Colin
66%
Max
66%
Mighty
66%
Philip
66%
Timothy
66%
Beau
64%
Derek
64%
Elizabeth
64%
Jerome
64%
Proteus
64%
Reg
64%
Sam
64%
Theo
64%
Vinnie
64%
Darcy
63%
Etienne
63%
Hannah
63%
Judy
63%
Yong Bao
63%
Axel
61%
Carlos
61%
Class 40
61%
Kelly
60%
Merrick
60%
Monty
60%
Frieda
58%
Logan
58%
Patrick
58%
Neville
57%
Raul
57%
Shane
57%
Beresford
55%
Dexter
55%
Gustavo
55%
Old Slow Coach
55%
Rajiv
55%
Byron
54%
Madge
54%
Beppe
52%
Cleo
52%
Hong-Mei
52%
Isobella
52%
Kenji
52%
Ned
52%
An An
51%
Buster
51%
Lorenzo
51%
Isla
49%
Kwaku
49%
Stefano
49%
Brenda
46%
Aubrey
45%
Ester
45%
Tamika
45%
Aiden
43%
Carter
43%
Fernando
43%
Gabriela
43%
Cassia
42%
Natalie
42%
Angelique
40%
Marcia
40%
Marcio
40%
Emerson
39%
Lei
39%
Shankar
39%
Yin-Long
39%
Kobe
37%
Noor Jehan
37%
Tony
33%
No matching quizzes found
Score Distribution
Percent of People with Each Score
Percentile by Number Answered
Your Score History
You have not taken this quiz